LEADER 02018nas 22005413a 450 001 9910142315303321 005 20230321210743.0 035 $a(CKB)1000000000314997 035 $a(CONSER)sn-91026141- 035 $a(EXLCZ)991000000000314997 100 $a19900807b1990200u -a- a 101 0 $aeng 200 00$aIndustrial production and capacity utilization$b[electronic resource] 210 $aWashington, D.C. $cBoard of Governors of the Federal Reserve System$d1990- 215 $a1 online resource 225 1 $aFederal Reserve statistical release 300 $aTitle from caption. 300 $a"G.17(419)." 311 08$aPrint version: Industrial production and capacity utilization. 1933-5695 (DLC)sn 91026141 (OCoLC)22190332 410 0$aFederal Reserve statistical release. 606 $aIndustrial capacity$zUnited States$vStatistics$vPeriodicals 606 $aIndustrial statistics$zUnited States$vPeriodicals 606 $aManufacturing industries$zUnited States$vStatistics$vPeriodicals 606 $aProduktionsstatistik$2stw 606 $aKapazitätsauslastung$2stw 606 $aUSA$2stw 606 $aIndustrial capacity$2fast$3(OCoLC)fst00970899 606 $aIndustrial statistics$2fast$3(OCoLC)fst00971751 606 $aManufacturing industries$2fast$3(OCoLC)fst01008071 607 $aUnited States$2fast 608 $aPeriodicals.$2fast 608 $aStatistics.$2fast 615 0$aIndustrial capacity 615 0$aIndustrial statistics 615 0$aManufacturing industries 615 7$aProduktionsstatistik. 615 7$aKapazitätsauslastung. 615 7$aUSA. 615 7$aIndustrial capacity. 615 7$aIndustrial statistics. 615 7$aManufacturing industries. 676 $a338 712 02$aBoard of Governors of the Federal Reserve System (U.S.) 906 $aJOURNAL 912 $a9910142315303321 920 $aexl_impl conversion 996 $aIndustrial production and capacity utilization$92223502 997 $aUNINA